[Event "European-ch Seniors 2018"]
[Site "Drammen"]
[Date "2018.08.10"]
[Round "7"]
[White "Sorokina, Tamara"]
[Black "Gruzmann, Boris"]
[Result "0-1"]
[WhiteElo "2050"]
[BlackElo "2183"]
[Annotator "NA"]
[PlyCount "96"]
[EventDate "2018.08.04"]
[EventType "swiss"]
[EventCountry "NOR"]
[SourceTitle "playchess.com"]
[Source "ChessBase"]
[SourceQuality "1"]
[TimeControl "40/5400+30:1800+30"]

1. d4 {[%emt 0:00:00]} Nf6 {[%emt 0:00:00]} 2. Nd2 {[%emt 0:00:00]} c5 {[%emt 0:01:48]} 3. c3 {[%emt 0:00:00]} cxd4 {[%emt 0:01:40]} 4. cxd4 {[%emt 0:00:00]} Nc6 {[%emt 0:02:19]} 5. e3 {[%emt 0:00:01]} d6 {[%emt 0:01:06]} 6. Bd3 {[%emt 0:00:15]} g6 {[%emt 0:00:19]} 7. Ngf3 {[%emt 0:00:06]} Bg7 {[%emt 0:00:08]} 8. O-O {[%emt 0:00:06]} O-O {[%emt 0:00:09]} 9. a3 {[%emt 0:03:52]} e5 {[%emt 0:00:52]} 10. h3 {[%emt 0:02:51]} Qe7 {[%emt 0:01:27]} 11. dxe5 {[%emt 0:01:09]} dxe5 {[%emt 0:00:10]} 12. e4 {[%emt 0:00:12]} Rd8 {[%emt 0:00:58]} 13. Qe2 {[%emt 0:00:06]} Nh5 {[%emt 0:00:54]} 14. Nb3 {[%emt 0:00:47]} Be6 {[%emt 0:02:39]} 15. Bc4 {[%emt 0:00:25]} Rac8 {[%emt 0:00:32]} 16. Bxe6 {[%emt 0:01:44]} Qxe6 {[%emt 0:00:16]} 17. Nc5 {[%emt 0:00:07]} Qe7 {[%emt 0:00:48]} 18. Nd3 {[%emt 0:03:42]} Nd4 {[%emt 0:13:16]} 19. Nxd4 {[%emt 0:00:17]} Rxd4 {[%emt 0:00:08]} 20. Nb4 {[%emt 0:11:09]} Nf4 {[%emt 0:00:16]} 21. Bxf4 {[%emt 0:00:30]} exf4 {[%emt 0:00:07]} 22. f3 {[%emt 0:00:02]} a5 {[%emt 0:02:30]} 23. Nd3 {[%emt 0:02:40]} Qd6 {[%emt 0:05:30]} 24. Rfd1 {[%emt 0:01:37]} Qb6 {[%emt 0:03:51]} 25. Kh1 {[%emt 0:00:55]} Qb3 {[%emt 0:04:20]} 26. Rd2 {[%emt 0:01:33]} Rcd8 {[%emt 0:10:18]} 27. Rad1 {[%emt 0:00:08]} b6 {[%emt 0:05:27]} 28. Kh2 {[%emt 0:05:36]} h6 {[%emt 0:02:19]} 29. e5 {[%emt 0:06:13]} g5 {[%emt 0:07:02]} 30. Nc1 {[%emt 0:04:11]} Qxd1 {[%emt 0:06:27]} 31. Rxd1 {[%emt 0:01:00]} Rxd1 {[%emt 0:00:09]} 32. Na2 {[%emt 0:01:21]} R1d2 {[%emt 0:03:07]} 33. Qb5 {[%emt 0:00:16]} R2d5 {[%emt 0:04:49]} 34. Qxb6 {[%emt 0:00:23]} Bxe5 {[%emt 0:00:18]} 35. Nc3 {[%emt 0:00:44]} Bxc3 {[%emt 0:01:07]} 36. bxc3 {[%emt 0:00:02]} R8d6 {[%emt 0:01:53]} 37. Qb8+ {[%emt 0:00:52]} Kg7 {[%emt 0:01:48]} 38. c4 {[%emt 0:00:10]} Rd2 {[%emt 0:01:48]} 39. c5 {[%emt 0:00:18]} Re6 {[%emt 0:00:24]} 40. h4 {[%emt 0:00:00]} Ree2 {[%emt 0:00:00]} 41. hxg5 {[%emt 0:02:25]} Rxg2+ {[%emt 0:03:06]} 42. Kh1 {[%emt 0:00:04]} Rge2 {[%emt 0:15:14]} 43. gxh6+ {[%emt 0:01:19]} Kh7 {[%emt 0:01:06]} 44. Qb1+ {[%emt 0:00:28]} Kxh6 {[%emt 0:00:41]} 45. Qf1 {[%emt 0:01:12]} Re5 {[%emt 0:04:09]} 46. Qc1 {[%emt 0:02:56]} Red5 {[%emt 0:04:09]} 47. Qc3 {[%emt 0:00:11]} Kh7 {[%emt 0:03:14]} 48. c6 {[%emt 0:02:02]} f5 0-1

[Event "European-ch Seniors 2018"]
[Site "Drammen"]
[Date "2018.08.10"]
[Round "7"]
[White "Birkholz, Olga"]
[Black "Strutinskaia, Galina"]
[Result "1-0"]
[WhiteElo "2048"]
[BlackElo "2208"]
[Annotator "NA"]
[PlyCount "133"]
[EventDate "2018.08.04"]
[EventType "swiss"]
[EventCountry "NOR"]
[SourceTitle "playchess.com"]
[Source "ChessBase"]
[SourceQuality "1"]
[TimeControl "40/5400+30:1800+30"]

1. Nf3 {[%emt 0:00:00]} Nf6 {[%emt 0:02:25]} 2. g3 {[%emt 0:00:04]} b6 {[%emt 0:00:39]} 3. Bg2 {[%emt 0:00:08]} Bb7 {[%emt 0:00:19]} 4. d3 {[%emt 0:01:00]} e6 {[%emt 0:01:49]} 5. O-O {[%emt 0:01:31]} Be7 {[%emt 0:01:48]} 6. b3 {[%emt 0:00:15]} d6 {[%emt 0:03:53]} 7. Bb2 {[%emt 0:00:25]} O-O {[%emt 0:02:11]} 8. Nbd2 {[%emt 0:06:08]} a5 {[%emt 0:02:17]} 9. a4 {[%emt 0:02:04]} Na6 {[%emt 0:02:57]} 10. e4 {[%emt 0:01:11]} d5 {[%emt 0:07:48]} 11. e5 {[%emt 0:03:20]} Nd7 {[%emt 0:00:33]} 12. Re1 {[%emt 0:01:24]} Nb4 {[%emt 0:00:35]} 13. Nd4 {[%emt 0:05:08]} Rb8 {[%emt 0:02:53]} 14. Nf1 {[%emt 0:07:10]} Nc5 {[%emt 0:02:14]} 15. Ne3 {[%emt 0:05:18]} Qd7 {[%emt 0:01:15]} 16. f4 {[%emt 0:03:15]} Ba6 {[%emt 0:02:04]} 17. Bf1 {[%emt 0:01:13]} f6 {[%emt 0:00:59]} 18. exf6 {[%emt 0:03:37]} Bxf6 {[%emt 0:05:05]} 19. Ng4 {[%emt 0:01:07]} Rbe8 {[%emt 0:00:36]} 20. Nxf6+ {[%emt 0:00:50]} gxf6 {[%emt 0:00:33]} 21. Qg4+ {[%emt 0:04:58]} Qg7 {[%emt 0:02:53]} 22. Qxg7+ {[%emt 0:02:09]} Kxg7 {[%emt 0:00:06]} 23. Rad1 {[%emt 0:04:47]} Bc8 {[%emt 0:04:55]} 24. Rd2 {[%emt 0:01:39]} e5 {[%emt 0:06:23]} 25. fxe5 {[%emt 0:01:38]} Rxe5 {[%emt 0:00:51]} 26. Rxe5 {[%emt 0:00:40]} fxe5 {[%emt 0:00:05]} 27. Nb5 {[%emt 0:00:10]} d4 {[%emt 0:01:36]} 28. Nxc7 {[%emt 0:01:04]} Bd7 {[%emt 0:01:16]} 29. Ba3 {[%emt 0:07:46]} Rc8 {[%emt 0:01:28]} 30. Bxb4 {[%emt 0:00:18]} Rxc7 {[%emt 0:00:26]} 31. Ba3 {[%emt 0:02:07]} Bf5 {[%emt 0:02:21]} 32. Rf2 {[%emt 0:01:07]} Kg6 {[%emt 0:00:26]} 33. Bg2 {[%emt 0:08:04]} Kg5 {[%emt 0:04:00]} 34. Bc1+ {[%emt 0:02:39]} Kg6 {[%emt 0:00:07]} 35. Ba3 {[%emt 0:00:31]} Kg5 {[%emt 0:00:09]} 36. Re2 {[%emt 0:00:36]} Kf6 {[%emt 0:00:29]} 37. Bd5 {[%emt 0:00:49]} Bh3 {[%emt 0:02:24]} 38. Rf2+ {[%emt 0:02:50]} Kg5 {[%emt 0:01:00]} 39. Bf7 {[%emt 0:04:26]} Kh6 {[%emt 0:00:31]} 40. Bc4 {[%emt 0:00:00]} Kg5 {[%emt 0:00:00]} 41. Bc1+ {[%emt 0:13:07]} Kg6 {[%emt 0:01:06]} 42. Rf8 {[%emt 0:02:19]} Be6 {[%emt 0:00:46]} 43. Bxe6 {[%emt 0:04:40]} Nxe6 {[%emt 0:00:07]} 44. Rf2 {[%emt 0:00:01]} Nc5 {[%emt 0:00:37]} 45. Ba3 {[%emt 0:00:37]} h5 {[%emt 0:01:29]} 46. Kg2 {[%emt 0:01:04]} Nb7 {[%emt 0:00:09]} 47. Kh3 {[%emt 0:00:35]} Kg5 {[%emt 0:02:53]} 48. Kg2 {[%emt 0:01:56]} Nc5 {[%emt 0:00:09]} 49. h4+ {[%emt 0:01:31]} Kg6 {[%emt 0:00:05]} 50. Bxc5 {[%emt 0:01:35]} Rxc5 {[%emt 0:00:15]} 51. Kh3 {[%emt 0:01:09]} Rc3 {[%emt 0:00:46]} 52. Re2 {[%emt 0:02:04]} Kf5 {[%emt 0:00:15]} 53. Kg2 {[%emt 0:00:34]} Rc5 {[%emt 0:00:26]} 54. Kf3 {[%emt 0:05:22]} b5 {[%emt 0:01:19]} 55. axb5 {[%emt 0:00:30]} Rxb5 {[%emt 0:00:05]} 56. g4+ {[%emt 0:00:18]} hxg4+ {[%emt 0:00:06]} 57. Kg3 {[%emt 0:00:01]} a4 {[%emt 0:00:37]} 58. bxa4 {[%emt 0:00:23]} Ra5 {[%emt 0:00:09]} 59. Rf2+ {[%emt 0:00:13]} Ke6 {[%emt 0:00:13]} 60. Kxg4 {[%emt 0:00:59]} Rxa4 {[%emt 0:00:17]} 61. h5 {[%emt 0:02:13]} Ra1 {[%emt 0:00:41]} 62. Rh2 {[%emt 0:01:12]} Rg1+ {[%emt 0:00:28]} 63. Kf3 {[%emt 0:00:15]} Rf1+ {[%emt 0:00:11]} 64. Ke2 {[%emt 0:00:20]} Rf7 {[%emt 0:00:28]} 65. h6 {[%emt 0:00:51]} Rh7 {[%emt 0:00:06]} 66. Rh5 {[%emt 0:01:17]} Kf6 {[%emt 0:00:53]} 67. Kf3 {[%emt 0:00:39]} 1-0

[Event "European-ch Seniors 2018"]
[Site "Drammen"]
[Date "2018.08.10"]
[Round "7"]
[White "Edvardsen, Ragnar"]
[Black "Syvertsen, Rolf E"]
[Result "1/2-1/2"]
[WhiteElo "1969"]
[BlackElo "1884"]
[Annotator "NA"]
[PlyCount "110"]
[EventDate "2018.08.04"]
[EventType "swiss"]
[EventCountry "NOR"]
[SourceTitle "playchess.com"]
[Source "ChessBase"]
[SourceQuality "1"]
[TimeControl "40/5400+30:1800+30"]

1. e4 {[%emt 0:00:00]} c5 {[%emt 0:00:11]} 2. Nf3 {[%emt 0:00:41]} Nc6 {[%emt 0:00:10]} 3. d4 {[%emt 0:00:35]} cxd4 {[%emt 0:00:08]} 4. Nxd4 {[%emt 0:00:11]} e5 {[%emt 0:00:14]} 5. Nb3 {[%emt 0:03:51]} Nf6 {[%emt 0:02:16]} 6. Nc3 {[%emt 0:00:35]} Bb4 {[%emt 0:01:43]} 7. Bg5 {[%emt 0:05:38]} h6 {[%emt 0:12:18]} 8. Bxf6 {[%emt 0:04:41]} Bxc3+ {[%emt 0:00:44]} 9. bxc3 {[%emt 0:00:35]} Qxf6 {[%emt 0:00:05]} 10. Be2 {[%emt 0:02:26]} O-O {[%emt 0:03:45]} 11. O-O {[%emt 0:03:58]} Rd8 {[%emt 0:02:52]} 12. Qd2 {[%emt 0:04:16]} g5 {[%emt 0:06:45]} 13. Rad1 {[%emt 0:09:47]} d6 {[%emt 0:01:17]} 14. Bc4 {[%emt 0:01:56]} Be6 {[%emt 0:08:56]} 15. Bd5 {[%emt 0:03:27]} Bxd5 {[%emt 0:05:45]} 16. Qxd5 {[%emt 0:01:05]} Rac8 {[%emt 0:02:32]} 17. Rd3 {[%emt 0:01:33]} Kf8 {[%emt 0:01:07]} 18. Rf3 {[%emt 0:08:41]} Qg6 {[%emt 0:01:10]} 19. Rd1 {[%emt 0:01:05]} Ke7 {[%emt 0:00:29]} 20. Nd2 {[%emt 0:04:26]} Qe6 {[%emt 0:03:03]} 21. Qb5 {[%emt 0:01:28]} Rd7 {[%emt 0:01:42]} 22. Nf1 {[%emt 0:07:20]} Kf8 {[%emt 0:12:53]} 23. a4 {[%emt 0:10:41]} Ne7 {[%emt 0:01:20]} 24. Rfd3 {[%emt 0:01:10]} Rc5 {[%emt 0:01:48]} 25. Qb4 {[%emt 0:02:47]} Ng6 {[%emt 0:12:26]} 26. Rxd6 {[%emt 0:06:40]} Rxd6 {[%emt 0:09:32]} 27. Qxc5 {[%emt 0:00:13]} Ke7 {[%emt 0:00:21]} 28. Ne3 {[%emt 0:01:10]} Kd7 {[%emt 0:00:52]} 29. Rxd6+ {[%emt 0:01:35]} Qxd6 {[%emt 0:00:13]} 30. Qxd6+ {[%emt 0:00:28]} Kxd6 {[%emt 0:00:01]} 31. Nf5+ {[%emt 0:00:37]} Kc5 {[%emt 0:01:18]} 32. Nxh6 {[%emt 0:00:39]} a5 {[%emt 0:01:17]} 33. Kf1 {[%emt 0:06:10]} b5 {[%emt 0:00:19]} 34. Ke1 {[%emt 0:00:13]} bxa4 {[%emt 0:01:00]} 35. Kd1 {[%emt 0:00:05]} a3 {[%emt 0:01:57]} 36. Kc1 {[%emt 0:00:07]} Kc4 {[%emt 0:01:24]} 37. Nxf7 {[%emt 0:00:41]} Kxc3 {[%emt 0:00:18]} 38. Kb1 {[%emt 0:00:15]} g4 {[%emt 0:01:20]} 39. Nh6 {[%emt 0:00:26]} a2+ {[%emt 0:00:33]} 40. Kxa2 {[%emt 0:00:00]} Kxc2 {[%emt 0:00:00]} 41. Nxg4 {[%emt 0:00:45]} Kd3 {[%emt 0:01:48]} 42. f3 {[%emt 0:01:21]} Ke2 {[%emt 0:01:05]} 43. Kb3 {[%emt 0:05:11]} Kf1 {[%emt 0:00:24]} 44. Nxe5 {[%emt 0:01:47]} Nxe5 {[%emt 0:00:21]} 45. f4 {[%emt 0:00:09]} Nd3 {[%emt 0:06:13]} 46. g4 {[%emt 0:03:25]} Nxf4 {[%emt 0:03:20]} 47. h4 {[%emt 0:00:26]} Kf2 {[%emt 0:00:35]} 48. g5 {[%emt 0:11:50]} Kf3 {[%emt 0:01:21]} 49. g6 {[%emt 0:04:17]} Nxg6 {[%emt 0:01:01]} 50. h5 {[%emt 0:00:23]} Ne5 {[%emt 0:00:11]} 51. h6 {[%emt 0:01:04]} Kxe4 {[%emt 0:00:40]} 52. Ka4 {[%emt 0:00:19]} Kf5 {[%emt 0:00:33]} 53. h7 {[%emt 0:00:17]} Nf7 {[%emt 0:00:15]} 54. Kxa5 {[%emt 0:00:14]} Kg6 {[%emt 0:00:16]} 55. h8=Q {[%emt 0:00:18]} Nxh8 {[%emt 0:00:18]} 1/2-1/2

[Event "European-ch Seniors 2018"]
[Site "Drammen"]
[Date "2018.08.11"]
[Round "8"]
[White "Agdestein, Simen"]
[Black "Bjerke, Richard"]
[Result "1-0"]
[WhiteElo "2576"]
[BlackElo "2141"]
[Annotator "TA"]
[PlyCount "81"]
[EventDate "2018.08.04"]
[EventType "swiss"]
[EventCountry "NOR"]
[SourceTitle "playchess.com"]
[Source "ChessBase"]
[SourceQuality "1"]

{[%evp 17,81,12,39,-27,0,-11,0,0,5,0,-20,-6,-24,-58,-37,-61,-21,-10,-30,-46,-31,-56,-66,-75,124,113,116,118,118,16,24,21,25,18,34,18,64,91,93,104,75,96,72,10,24,18,175,175,239,196,489,462,631,624,589,512,723,708,677,655,667,602,593,553,549,463]} 1. c4 e5 2. Nc3 Nf6 3. g3 d5 4. cxd5 Nxd5 5. Bg2 Nb6 6. e3 Be7 {A22: English Opening: 1...e5 2 Nc3 Nf6} (6... Nc6 7. Nge2 h5 8. d4 h4 9. d5 Ne7 10. e4 hxg3 11. hxg3 Rxh1+ 12. Bxh1 Ng8 13. Be3 Nf6 14. Qc2 {0-1 (57) Ponkratov,P (2613)-Karjakin,S (2760) Riadh 2017}) 7. Nge2 O-O 8. O-O c6 9. f4 exf4 {LiveBook: 3 Games} 10. gxf4 $146 (10. Nxf4 $14 N8d7 11. b3) ({Predecessor:} 10. Nxf4 N8d7 11. d4 Nf6 12. e4 Bg4 13. Qd3 Nh5 14. h3 Nxf4 15. gxf4 {½-½ (42) Galliamova,A (2465)-Kosintseva,T (2530) Moscow 2012}) 10... Bg4 11. h3 Bh5 12. Qb3 Bh4 13. f5 Bxe2 14. Nxe2 N8d7 15. Nf4 Nf6 16. a4 Qd7 17. a5 Nbd5 18. Nd3 Qe7 19. Ra4 Bg3 20. e4 Nf4 $2 (20... b5 $17 {keeps the pressure on.} 21. axb6 Nxb6) 21. Nxf4 $16 Bxf4 22. Rxf4 Qc5+ {[#]} 23. d4 (23. Kh2 $1 $16 {Qc3 is the strong threat.} Qxc1 24. e5) 23... Qxc1+ $11 24. Rf1 Qg5 25. Kh2 Rad8 26. Qg3 Qd2 27. e5 Nd5 ({Don't blunder} 27... Ne4 $2 28. Qf4 $18) 28. f6 $36 {[%csl Gf6][%cal Rg3g7][%mdl 2048] White is really pushing.} g6 29. Rf2 Qc1 30. Bxd5 (30. a6 $16 b6 31. Ra3) 30... Rxd5 31. Qc3 Qxc3 $2 (31... Qg5 $11 {and Black is okay.}) 32. bxc3 {[%cal Bb2c3,Bc3d4][%mdl 4128] Endgame KRR-KRR} c5 {[#]} (32... Rb5 {was called for.} 33. Raa2 Rb8) 33. Rb2 $1 $18 {[%cal Rb2b7]} Rb8 $2 (33... cxd4 {keeps fighting.} 34. cxd4 Rd7) 34. Rc4 {White is clearly winning.} cxd4 {[#]} 35. Rxb7 $1 {[%mdl 512]} Rf8 (35... Rxb7 36. Rc8+) 36. cxd4 Rxa5 37. Rcc7 Ra2+ 38. Kg3 Re2 39. Kf3 Re1 40. Rxa7 h6 41. h4 {Precision: White = 51%, Black = 37%.} 1-0

[Event "European-ch Seniors 2018"]
[Site "Drammen"]
[Date "2018.08.11"]
[Round "8"]
[White "Ogaard, Leif"]
[Black "Vorotnikov, Vladislav V"]
[Result "0-1"]
[WhiteElo "2386"]
[BlackElo "2445"]
[Annotator "TA"]
[PlyCount "98"]
[EventDate "2018.08.04"]
[EventType "swiss"]
[EventCountry "NOR"]
[SourceTitle "playchess.com"]
[Source "ChessBase"]
[SourceQuality "1"]

{[%evp 16,98,14,0,2,0,0,-28,-27,-26,-8,-9,0,0,0,0,2,4,6,21,29,-10,-15,-5,-2,-27,24,14,13,0,0,0,0,-25,15,14,73,67,82,85,119,86,202,201,246,265,258,247,270,203,356,263,263,254,363,0,45,0,0,0,0,0,0,-188,0,-356,-347,-963,-943,-1404,-1352,-1702,-1510,-2441,-2368,-2116,-1914,-29985,-29986,-29988,-29989,-29989,-29990,-29990,-29991]} 1. d4 d6 2. Nf3 Bg4 3. c4 Nf6 4. Nc3 c6 5. e4 e5 6. dxe5 Bxf3 7. gxf3 dxe5 8. Qxd8+ Kxd8 9. f4 {LiveBook: 3 Partien. A53: Altindisch} (9. Be3 Kc7 10. O-O-O g6 11. Bh3 Nbd7 12. Kc2 Rd8 13. Bg5 Be7 14. Bh6 Nh5 15. Rd2 Nc5 16. Rhd1 Rxd2+ 17. Rxd2 {0-1 (60) Banikas,H (2633)-Jobava,B (2695) Warsaw 2013}) 9... Bd6 10. fxe5 Bxe5 11. Bg5 $146 {Die Stellung ist ausgeglichen.} ({Vorgänger:} 11. Bd2 Kc7 12. O-O-O Nbd7 13. Rg1 g6 14. f4 Bd4 15. Rg2 Rhe8 16. e5 Bxc3 17. Bxc3 {½-½ (65) Kaunas,K-Maslov,V Riga (Latvia) 1975}) 11... Kc7 12. O-O-O Nbd7 13. f3 Nc5 14. Be3 Ne6 15. Ne2 Nh5 16. Bh3 Nhf4 $132 {[%mdl 2048] Schwarz has counterplay} 17. Nxf4 Bxf4 18. Kd2 (18. Bxf4+ {keeps more tension.} Nxf4 19. Rd7+ Kb6 20. Bf1 Rhf8 21. c5+) 18... Rad8+ 19. Ke2 Bxe3 20. Kxe3 c5 (20... Nc5 $142) 21. Rd5 b6 22. f4 Nd4 23. e5 g6 24. Kd3 f5 25. Bg2 Nc6 (25... g5 $11 {hält das Gleichgewicht.} 26. fxg5 Nc6) 26. Ke3 $16 Nb4 27. a3 Nxd5+ 28. cxd5 {[%cal Bc4d5,Bd5d6][%mdl 4128] Endspiel KTT-KTL} b5 (28... Rb8 $16 {ist wohl besser.}) 29. d6+ $1 $18 {[%mdl 1024] Weiss hat starke Kompensation.} Kd7 30. Rc1 Rc8 31. Bf1 $1 a6 {[#]} 32. a4 $1 {[%mdl 512]} c4 $2 (32... bxa4 33. Bxa6 Ra8 34. Bb5+ Ke6) 33. axb5 axb5 34. Bg2 {[#]} Ra8 (34... c3 $142 $1) 35. Kd4 $2 (35. Bxa8 $18 Rxa8 36. Kd4) 35... Ra5 (35... Ra2 $5 {[%cal Ra2b2]} 36. Rb1 Rf8 $15) 36. Kc5 Rc8+ 37. Kb6 $1 {[%cal Rb6a5]} Ra2 38. Bb7 Rb8 (38... Rxb2 39. Bxc8+ Ke8 40. Kc7 $18) 39. Rc2 $2 {[#]} (39. Rc3 $11 {und Weiss ist OK.}) 39... Ra1 $2 ({Besser ist} 39... g5 $1 $19 40. fxg5 f4) 40. Rd2 $2 {[%mdl 8192]} (40. Rc3 $11) 40... b4 $19 41. Re2 $2 (41. e6+ Kxe6 42. Kc6) 41... c3 42. b3 Ra3 43. Re1 Rxb3 44. Ka7 c2 45. Kxb8 Rb1 46. Bc8+ Kd8 {Schwarz setzt Matt.} 47. Rxb1 cxb1=Q 48. e6 Qg1 49. e7+ Ke8 {Precision: Weiß = 54%, Schwarz = 39%.} 0-1

[Event "European-ch Seniors 2018"]
[Site "Drammen"]
[Date "2018.08.11"]
[Round "8"]
[White "Bogdanov, Valentin"]
[Black "Stebbings, Anthony J"]
[Result "1-0"]
[WhiteElo "2356"]
[BlackElo "2265"]
[Annotator "NA"]
[PlyCount "79"]
[EventDate "2018.08.04"]
[EventType "swiss"]
[EventCountry "NOR"]
[SourceTitle "playchess.com"]
[Source "ChessBase"]
[SourceQuality "1"]
[TimeControl "40/5400+30:1800+30"]

1. d4 {[%emt 0:00:00]} Nf6 {[%emt 0:00:00]} 2. c4 {[%emt 0:00:00]} e6 {[%emt 0:00:00]} 3. Nc3 {[%emt 0:00:00]} Bb4 {[%emt 0:00:00]} 4. Qc2 {[%emt 0:00:49]} b6 {[%emt 0:00:00]} 5. e4 {[%emt 0:00:28]} c5 {[%emt 0:00:09]} 6. e5 {[%emt 0:00:26]} cxd4 {[%emt 0:02:05]} 7. a3 {[%emt 0:00:18]} Bxc3+ {[%emt 0:02:07]} 8. bxc3 {[%emt 0:00:08]} Ng8 {[%emt 0:00:08]} 9. Qe4 {[%emt 0:01:19]} Nc6 {[%emt 0:00:24]} 10. cxd4 {[%emt 0:00:08]} f5 {[%emt 0:13:46]} 11. Qe3 {[%emt 0:01:36]} Ba6 {[%emt 0:03:27]} 12. Bd2 {[%emt 0:03:14]} d5 {[%emt 0:06:56]} 13. exd6 {[%emt 0:01:08]} Qxd6 {[%emt 0:00:06]} 14. Nf3 {[%emt 0:02:27]} Qe7 {[%emt 0:06:43]} 15. Bd3 {[%emt 0:06:56]} Nf6 {[%emt 0:00:30]} 16. O-O {[%emt 0:02:05]} O-O {[%emt 0:00:35]} 17. Rfe1 {[%emt 0:06:32]} Rfe8 {[%emt 0:17:41]} 18. Ne5 {[%emt 0:22:31]} Nxe5 {[%emt 0:02:25]} 19. Qxe5 {[%emt 0:00:11]} Rac8 {[%emt 0:06:34]} 20. Bxf5 {[%emt 0:07:26]} Bxc4 {[%emt 0:00:29]} 21. Bh3 {[%emt 0:00:58]} Qc7 {[%emt 0:16:08]} 22. Qg5 {[%emt 0:01:30]} Qf7 {[%emt 0:04:20]} 23. Bf4 {[%emt 0:03:05]} Qg6 {[%emt 0:01:36]} 24. Qe5 {[%emt 0:03:15]} Qh5 {[%emt 0:03:33]} 25. Bg5 {[%emt 0:01:54]} Nd7 {[%emt 0:00:50]} 26. Qg3 {[%emt 0:01:00]} Qg6 {[%emt 0:01:44]} 27. Qh4 {[%emt 0:02:54]} Bd5 {[%emt 0:00:31]} 28. Re3 {[%emt 0:02:31]} Qf7 {[%emt 0:04:13]} 29. Rae1 {[%emt 0:02:57]} Nf8 {[%emt 0:00:41]} 30. Bg4 {[%emt 0:02:20]} Rc4 {[%emt 0:02:10]} 31. Be2 {[%emt 0:03:44]} Rc7 {[%emt 0:01:25]} 32. Qg4 {[%emt 0:01:40]} Rec8 {[%emt 0:00:55]} 33. Rg3 {[%emt 0:02:27]} Rc3 {[%emt 0:00:52]} 34. Bd3 {[%emt 0:00:44]} Kh8 {[%emt 0:00:42]} 35. Bf4 {[%emt 0:03:42]} Rd8 {[%emt 0:01:40]} 36. Be5 {[%emt 0:00:46]} Rd7 {[%emt 0:00:09]} 37. Qh4 {[%emt 0:00:39]} Qg8 {[%emt 0:00:35]} 38. Bxh7 {[%emt 0:00:27]} Qxh7 {[%emt 0:01:17]} 39. Qxh7+ {[%emt 0:00:09]} Kxh7 {[%emt 0:00:11]} 40. Rxc3 {[%emt 0:00:00]} 1-0

[Event "European-ch Seniors 2018"]
[Site "Drammen"]
[Date "2018.08.11"]
[Round "8"]
[White "Elseth, Roar"]
[Black "Ali, Karim"]
[Result "1-0"]
[WhiteElo "2311"]
[BlackElo "1819"]
[Annotator "NA"]
[PlyCount "41"]
[EventDate "2018.08.04"]
[EventType "swiss"]
[EventCountry "NOR"]
[SourceTitle "playchess.com"]
[Source "ChessBase"]
[SourceQuality "1"]
[TimeControl "40/5400+30:1800+30"]

1. e4 {[%emt 0:00:04]} a6 {[%emt 0:02:01]} 2. d4 {[%emt 0:01:12]} b5 {[%emt 0:00:47]} 3. Bd3 {[%emt 0:14:38]} Bb7 {[%emt 0:01:20]} 4. Nf3 {[%emt 0:01:18]} e6 {[%emt 0:00:26]} 5. a4 {[%emt 0:02:18]} c5 {[%emt 0:04:41]} 6. dxc5 {[%emt 0:09:13]} Bxc5 {[%emt 0:01:51]} 7. O-O {[%emt 0:00:32]} Ne7 {[%emt 0:03:56]} 8. axb5 {[%emt 0:02:41]} axb5 {[%emt 0:00:24]} 9. Rxa8 {[%emt 0:00:09]} Bxa8 {[%emt 0:00:08]} 10. Qe2 {[%emt 0:01:41]} b4 {[%emt 0:02:55]} 11. Ng5 {[%emt 0:04:11]} Ng6 {[%emt 0:17:09]} 12. Qh5 {[%emt 0:09:35]} Qa5 {[%emt 0:09:11]} 13. Kh1 {[%emt 0:01:58]} Be7 {[%emt 0:03:01]} 14. Nxe6 {[%emt 0:00:15]} Qa7 {[%emt 0:12:41]} 15. Nxg7+ {[%emt 0:01:22]} Kd8 {[%emt 0:00:39]} 16. Be3 {[%emt 0:01:49]} Qc7 {[%emt 0:02:08]} 17. Nd2 {[%emt 0:06:59]} Rg8 {[%emt 0:01:16]} 18. Nc4 {[%emt 0:00:56]} Kc8 {[%emt 0:01:04]} 19. Nb6+ {[%emt 0:00:32]} Kb7 {[%emt 0:00:51]} 20. Qa5 {[%emt 0:00:10]} Kc6 {[%emt 0:08:33]} 21. Qd5# {[%emt 0:00:50]} 1-0

[Event "European-ch Seniors 2018"]
[Site "Drammen"]
[Date "2018.08.11"]
[Round "8"]
[White "Werner, Clemens"]
[Black "Barle, Janez"]
[Result "0-1"]
[WhiteElo "2258"]
[BlackElo "2249"]
[Annotator "NA"]
[PlyCount "100"]
[EventDate "2018.08.04"]
[EventType "swiss"]
[EventCountry "NOR"]
[SourceTitle "playchess.com"]
[Source "ChessBase"]
[SourceQuality "1"]
[TimeControl "40/5400+30:1800+30"]

1. e4 {[%emt 0:00:00]} d5 {[%emt 0:00:23]} 2. exd5 {[%emt 0:00:00]} Nf6 {[%emt 0:00:16]} 3. Nf3 {[%emt 0:00:17]} Nxd5 {[%emt 0:07:48]} 4. d4 {[%emt 0:01:02]} Bg4 {[%emt 0:01:29]} 5. Be2 {[%emt 0:01:03]} e6 {[%emt 0:02:15]} 6. h3 {[%emt 0:00:39]} Bh5 {[%emt 0:00:59]} 7. O-O {[%emt 0:00:33]} Nd7 {[%emt 0:05:18]} 8. c4 {[%emt 0:16:09]} N5f6 {[%emt 0:06:01]} 9. Nc3 {[%emt 0:03:14]} Be7 {[%emt 0:15:45]} 10. Bf4 {[%emt 0:01:20]} O-O {[%emt 0:05:19]} 11. Ne5 {[%emt 0:00:50]} Bxe2 {[%emt 0:00:24]} 12. Qxe2 {[%emt 0:00:16]} c6 {[%emt 0:01:46]} 13. Rfd1 {[%emt 0:04:27]} Re8 {[%emt 0:00:29]} 14. Qf3 {[%emt 0:07:37]} Qb6 {[%emt 0:08:48]} 15. g4 {[%emt 0:07:12]} Rad8 {[%emt 0:01:58]} 16. b3 {[%emt 0:12:33]} Nxe5 {[%emt 0:04:29]} 17. dxe5 {[%emt 0:00:23]} Nd7 {[%emt 0:00:51]} 18. Ne4 {[%emt 0:00:40]} Qa5 {[%emt 0:01:03]} 19. Qg3 {[%emt 0:02:52]} Nc5 {[%emt 0:02:14]} 20. Nd6 {[%emt 0:07:06]} Bxd6 {[%emt 0:00:19]} 21. exd6 Nd7 {[%emt 0:05:32]} 22. Bd2 {[%emt 0:06:19]} Qa3 {[%emt 0:00:39]} 23. Bc1 {[%emt 0:04:27]} Qa6 {[%emt 0:00:54]} 24. Bb2 {[%emt 0:00:40]} e5 {[%emt 0:02:16]} 25. Qc3 {[%emt 0:04:36]} f6 {[%emt 0:00:36]} 26. c5 {[%emt 0:00:12]} Qb5 {[%emt 0:00:52]} 27. b4 {[%emt 0:00:38]} a5 {[%emt 0:00:26]} 28. a3 {[%emt 0:01:14]} Kh8 {[%emt 0:01:21]} 29. Qd3 {[%emt 0:03:34]} Qxd3 {[%emt 0:05:09]} 30. Rxd3 {[%emt 0:00:05]} axb4 {[%emt 0:00:06]} 31. axb4 {[%emt 0:00:07]} Ra8 {[%emt 0:00:19]} 32. Rda3 {[%emt 0:00:20]} Rxa3 {[%emt 0:00:21]} 33. Rxa3 {[%emt 0:00:03]} Kg8 {[%emt 0:00:24]} 34. Ra7 {[%emt 0:02:17]} Rb8 {[%emt 0:01:00]} 35. Ba3 {[%emt 0:00:17]} Kf7 {[%emt 0:06:02]} 36. Kf1 {[%emt 0:06:27]} Ke6 {[%emt 0:00:41]} 37. Ke2 {[%emt 0:00:07]} Kd5 {[%emt 0:07:55]} 38. Kd3 {[%emt 0:00:05]} Nf8 {[%emt 0:01:30]} 39. Bc1 {[%emt 0:03:07]} Ne6 {[%emt 0:01:42]} 40. Be3 {[%emt 0:00:00]} g6 {[%emt 0:00:00]} 41. f3 {[%emt 0:02:42]} f5 {[%emt 0:00:43]} 42. gxf5 {[%emt 0:03:32]} gxf5 {[%emt 0:00:15]} 43. Kc3 {[%emt 0:01:58]} f4 {[%emt 0:06:14]} 44. Bf2 {[%emt 0:00:57]} Ng5 {[%emt 0:09:13]} 45. d7 {[%emt 0:04:47]} Nxf3 {[%emt 0:03:50]} 46. Rxb7 {[%emt 0:01:48]} Rd8 {[%emt 0:01:15]} 47. Rc7 {[%emt 0:16:15]} e4 {[%emt 0:02:10]} 48. b5 {[%emt 0:00:12]} e3 {[%emt 0:00:52]} 49. Bxe3 {[%emt 0:02:03]} fxe3 {[%emt 0:00:11]} 50. Kd3 {[%emt 0:00:17]} e2 {[%emt 0:00:22]} 0-1